Welcome to CU Library Online Public Access Catalogue (OPAC)

Pressure points / (Record no. 3839)

MARC details
000 -LEADER
fixed length control field 00703cam a2200229 a 4500
001 - CONTROL NUMBER
control field 4428129
005 - DATE AND TIME OF LATEST TRANSACTION
control field 20250213163925.0
008 - FIXED-LENGTH DATA ELEMENTS--GENERAL INFORMATION
fixed length control field 931221s1993 ilua 000 0 eng d
020 ## - INTERNATIONAL STANDARD BOOK NUMBER
International Standard Book Number 0802463207
050 00 - LIBRARY OF CONGRESS CALL NUMBER
Classification number BF575.A5
Item number O45 1993
082 00 - DEWEY DECIMAL CLASSIFICATION NUMBER
Classification number 155.6/33
Edition information 20
100 1# - MAIN ENTRY--PERSONAL NAME
Personal name Oliver, Gary J.
245 10 - TITLE STATEMENT
Title Pressure points /
Statement of responsibility, etc. Gary J. Oliver and H. Norman Wright.
260 ## - PUBLICATION, DISTRIBUTION, ETC.
Place of publication, distribution, etc. Chicago :
Name of publisher, distributor, etc. Moody Press,
Date of publication, distribution, etc. c1993.
300 ## - PHYSICAL DESCRIPTION
Extent 284 p. :
Other physical details ill. ;
Dimensions 24 cm.
650 #0 - SUBJECT ADDED ENTRY--TOPICAL TERM
Topical term or geographic name entry element Anger
General subdivision Religious aspects
-- Christianity.
650 #0 - SUBJECT ADDED ENTRY--TOPICAL TERM
Topical term or geographic name entry element Stress (Psychology)
General subdivision Religious aspects
-- Christianity..
650 #0 - SUBJECT ADDED ENTRY--TOPICAL TERM
Topical term or geographic name entry element Women
General subdivision Psychology.
650 #0 - SUBJECT ADDED ENTRY--TOPICAL TERM
Topical term or geographic name entry element Women
General subdivision Conduct of life.
700 1# - ADDED ENTRY--PERSONAL NAME
Personal name Wright, H. Norman.
942 ## - ADDED ENTRY ELEMENTS (KOHA)
Source of classification or shelving scheme Library of Congress Classification
Koha item type Books
Suppress in OPAC No
999 ## -
-- 3839
-- 3839
Holdings
Withdrawn status Lost status Source of classification or shelving scheme Damaged status Not for loan Collection Home library Current library Shelving location Date acquired Total checkouts Full call number Barcode Date last seen Copy number Price effective from Koha item type
    Library of Congress Classification     Non-fiction Graduate Library (Christ Temple) Graduate Library (Christ Temple) General stacks 02/13/2025   BS 575.A5040 OLI GSCT00000492 02/13/2025 1 02/13/2025 Books
© 2023-2024 Copyright: Central University Libraries. All Rights Reserved | Created by: Mahone Tech Office